Mikroökonomische Theorie <eine> mathematische Darstellung

Gespeichert in:
Bibliographische Detailangaben
1. Verfasser: Henderson, James M.
Weitere Verfasser: Meissner, Werner
Format: Buch
Sprache:Deutsch
Veröffentlicht: Berlin Vahlen 1967
Ausgabe:1. Aufl.
Tags: Tag hinzufügen
Keine Tags, Fügen Sie das erste Tag hinzu!

MARC

LEADER 00000nam a2200000 4500
001 c025219
005 20221220102243.7
041 0 |a ger 
044 |a DE 
245 1 0 |a Mikroökonomische Theorie  |b <eine> mathematische Darstellung  |c James M. Henderson ; [Z angl. prel.] Werner Meissner 
250 |a 1. Aufl. 
264 1 |a Berlin  |b Vahlen  |c 1967 
300 |a 304 s. 
100 1 |a Henderson, James M. 
700 1 |a Meissner, Werner